[Event "Indywidualne Mistrzostwa Polski Juniorow do lat 16 - Chlopcy"]
[Site "Szklarska Poreba"]
[Date "1899-12-30"]
[Round "1.1"]
[White "Teclaf, Pawel"]
[Black "Mike, Patryk"]
[Result "1-0"]
[WhiteTitle "CM"]
[BlackTitle "I+"]
[WhiteElo "2460"]
[BlackElo "1942"]

1. e4 e5 2. Nf3 Nc6 3. Bb5 a6 4. Ba4 Nf6 5. O-O Be7 6. Re1 b5 7. Bb3 d6 8. c3 O-O
9. h3 Nb8 10. d3 Nbd7 11. Nbd2 Bb7 12. Nf1 Nc5 13. Bc2 Re8 14. Bg5 Bf8 15. Ne3
Ncd7 16. Qd2 c5 17. Nf5 Qc7 18. Rad1 d5 19. Bh4 d4 20. cxd4 cxd4 21. Bb3 Nc5 22.
Bxf6 gxf6 23. Nh6+ Bxh6 24. Qxh6 Nxb3 25. axb3 Qd6 26. Ng5 1-0

[Event "Indywidualne Mistrzostwa Polski Juniorow do lat 16 - Chlopcy"]
[Site "Szklarska Poreba"]
[Date "1899-12-30"]
[Round "1.2"]
[White "Maciejewski, Kamil"]
[Black "Baum, Jonasz"]
[Result "0-1"]
[WhiteTitle "I"]
[BlackTitle "FM"]
[WhiteElo "1930"]
[BlackElo "2290"]

1. Nf3 c5 2. g3 g6 3. Bg2 Bg7 4. c4 Nc6 5. O-O d6 6. Nc3 Bf5 7. b3 Nf6 8. Bb2 O-O
9. d4 Ne4 10. Na4 d5 11. cxd5 Qxd5 12. dxc5 Qxd1 13. Rfxd1 Bxb2 14. Nxb2 Nxc5
15. Nh4 Bc2 16. Rd5 Ne4 17. Rc1 Nc3 18. Rd2 Nd4 19. Rcxc2 Nxc2 20. Rxc2 Nb5 21.
Bxb7 Rab8 22. Be4 Nd4 23. Rd2 Rfd8 24. Nc4 f5 25. Bg2 Kg7 26. Nf3 Nxf3+ 27. Bxf3
Rxd2 28. Nxd2 e5 29. e3 e4 30. Be2 Kf6 31. Kf1 g5 32. Bc4 Rb6 33. Ke2 g4 34. a3
Ke5 35. Bg8 Rg6 36. Bf7 Rh6 37. Nf1 Rd6 38. Bc4 Rd8 39. Bb5 Rd6 40. a4 Kd5 41.
Kd2 Kc5+ 42. Kc3 a5 43. Nd2 Rh6 44. Bd7 Rh5 45. Nc4 Kd5 46. Nxa5 Kd6 47. Bc8 Kc7
48. Be6 Kd6 49. Bg8 Rxh2 50. Nc4+ Kc7 51. b4 h5 52. Bf7 h4 53. b5 Rxf2 54. b6+
Kb8 55. Bd5 Rf1 56. Kc2 hxg3 57. Ne5 g2 58. Nd7+ Kc8 59. b7+ Kxd7 60. b8=Q Rc1+
61. Kxc1 g1=Q+ 62. Kd2 Qf2+ 63. Kd1 Qf1+ 64. Kd2 Qd3+ 65. Ke1 Qxe3+ 66. Kf1 Qd3+
67. Ke1 Qxd5 68. Qa7+ Kc8 69. Qa6+ Kb8 70. Qb6+ Ka8 71. Qa6+ Kb8 72. Qb6+ Kc8
73. Qa6+ Kc7 74. Qa7+ Kc6 75. Qa8+ Kc5 76. Qa5+ Kc4 77. Qa6+ Kb4 78. Qb6+ Kxa4
79. Qe3 Qe5 80. Kf2 Kb5 81. Qb3+ Kc6 82. Qa4+ Qb5 83. Qa8+ Kd7 84. Qa7+ Ke6 85.
Qa2+ Kf6 86. Qa1+ Qe5 87. Qa6+ Kg5 88. Qb6 e3+ 89. Ke2 Qh2+ 90. Kd3 Qd2+ 91. Kc4
e2 92. Kd4 0-1

[Event "Indywidualne Mistrzostwa Polski Juniorow do lat 16 - Chlopcy"]
[Site "Szklarska Poreba"]
[Date "1899-12-30"]
[Round "1.3"]
[White "Mis, Mieszko"]
[Black "Trybus, Daniel"]
[Result "1-0"]
[WhiteTitle "FM"]
[BlackTitle "I+"]
[WhiteElo "2272"]
[BlackElo "1914"]

1. d4 Nf6 2. Bg5 g6 3. Bxf6 exf6 4. e3 Bg7 5. g3 O-O 6. Bg2 d5 7. Ne2 c6 8. O-O
Nd7 9. Nd2 f5 10. c4 Nf6 11. Rc1 Ne4 12. Nf4 Be6 13. Nb3 Qe7 14. Qe2 dxc4 15.
Nxe6 fxe6 16. Qxc4 Nd6 17. Qb4 Rfe8 18. Rfd1 Bf8 19. Nc5 Rab8 20. Qa4 Kh8 21.
b4 Ra8 22. Qb3 a5 23. a3 Bg7 24. Bf1 axb4 25. axb4 e5 26. d5 cxd5 27. Rxd5 Rad8
28. Rcd1 b6 29. Na4 Qc7 30. Nc3 e4 31. Rxd6 Rxd6 32. Nb5 Rxd1 33. Nxc7 Red8 34.
Ne6 R8d7 35. Nxg7 Kxg7 36. Qc3+ Kh6 37. Qf6 R7d6 38. Qf8+ Kg5 39. Kg2 R6d2 40.
Qg7 1-0

[Event "Indywidualne Mistrzostwa Polski Juniorow do lat 16 - Chlopcy"]
[Site "Szklarska Poreba"]
[Date "1899-12-30"]
[Round "1.4"]
[White "Kulesza, Andrzej"]
[Black "Czopor, Maciej"]
[Result "0-1"]
[WhiteTitle "I+"]
[BlackTitle "k"]
[WhiteElo "1913"]
[BlackElo "2229"]

1. e4 c5 2. Nf3 e6 3. d4 cxd4 4. Nxd4 Nf6 5. Nc3 d6 6. g4 h6 7. h3 Nc6 8. Bg2 Be7
9. Be3 a6 10. Qe2 Nxd4 11. Bxd4 e5 12. Be3 b5 13. Nd5 Nxd5 14. exd5 O-O 15. O-O-O
f5 16. Kb1 Bg5 17. Rdf1 Qe7 18. gxf5 Bxf5 19. Bxg5 Qxg5 20. Be4 Bxe4 21. Qxe4
Qf4 22. Qe3 Rf6 23. Rhg1 Qxe3 24. fxe3 Raf8 25. Re1 Rf3 26. h4 Rh3 27. Rg4 Rxe3
28. Reg1 Rf7 29. Rg6 Ref3 30. c3 Rf1+ 31. Rxf1 Rxf1+ 32. Kc2 Rf6 33. Rxf6 gxf6
34. c4 b4 35. Kd3 f5 36. b3 Kf7 37. Ke3 Ke7 38. Kf3 Kd7 39. Ke3 Kc7 40. Kd3 Kb6
41. Ke3 Kc5 42. Kd3 e4+ 43. Ke3 h5 44. Ke2 f4 45. Kd2 Kd4 46. Ke1 e3 47. Ke2 Ke4
48. Ke1 f3 49. Kf1 e2+ 50. Kf2 a5 0-1

[Event "Indywidualne Mistrzostwa Polski Juniorow do lat 16 - Chlopcy"]
[Site "Szklarska Poreba"]
[Date "1899-12-30"]
[Round "1.5"]
[White "Golenia, Wojciech"]
[Black "Suder, Jakub"]
[Result "1/2-1/2"]
[WhiteTitle "k"]
[BlackTitle "I++"]
[WhiteElo "2179"]
[BlackElo "1868"]

1. Nf3 d5 2. g3 Nf6 3. Bg2 e6 4. O-O Be7 5. c4 O-O 6. d4 dxc4 7. Qa4 a6 8. Qxc4
b5 9. Qc2 Bb7 10. Nc3 Nbd7 11. Rd1 b4 12. Na4 Be4 13. Qb3 Bd5 14. Qd3 Qc8 15.
Bf4 Be4 16. Qd2 Qb7 17. Rac1 Rac8 18. Ne1 Bxg2 19. Nxg2 c5 20. dxc5 Nxc5 21. Nxc5
Bxc5 22. Be3 Bxe3 23. Nxe3 h6 24. Qd4 Qb5 25. Nc4 Rb8 26. e4 Qa4 27. Ne5 Rbc8
28. Kg2 Rxc1 29. Rxc1 Qxa2 30. Qxb4 a5 31. Qb7 Qa4 32. Rc4 Qd1 33. Rc8 Rxc8 34.
Qxc8+ Kh7 35. Nxf7 Qd4 36. Qxe6 Nxe4 37. Qf5+ Kg8 38. Ne5 Ng5 39. h4 Qd5+ 40.
Kf1 Qd1+ 41. Kg2 Qd5+ 42. Kf1 Qd1+ 43. Kg2 1/2-1/2

[Event "Indywidualne Mistrzostwa Polski Juniorow do lat 16 - Chlopcy"]
[Site "Szklarska Poreba"]
[Date "1899-12-30"]
[Round "1.6"]
[White "Czechowski, Jakub"]
[Black "Pniaczek, Marek"]
[Result "0-1"]
[WhiteTitle "I"]
[BlackTitle "CM"]
[WhiteElo "1865"]
[BlackElo "2168"]

1. d4 Nf6 2. c4 g6 3. Nc3 d5 4. Nf3 Bg7 5. h4 c6 6. cxd5 cxd5 7. Bf4 Nc6 8. e3
O-O 9. Be2 Bg4 10. Be5 Nxe5 11. Nxe5 Bxe2 12. Qxe2 Qa5 13. O-O Rfc8 14. Nd3 e6
15. a3 Ne8 16. Rfc1 Nd6 17. Qd1 h5 18. Qa4 Qd8 19. g3 g5 20. hxg5 Qxg5 21. Ne1
Nf5 22. Kf1 h4 23. Nf3 Qf6 24. gxh4 Nxe3+ 25. Ke2 Ng2 26. Rg1 Nf4+ 27. Kd2 Rc4
28. Qc2 Nh3 29. Rg3 Nxf2 30. Ke3 Ne4 31. Rg4 Rac8 32. Qg2 Rxc3+ 0-1

[Event "Indywidualne Mistrzostwa Polski Juniorow do lat 16 - Chlopcy"]
[Site "Szklarska Poreba"]
[Date "1899-12-30"]
[Round "1.7"]
[White "Szczurek, Krzysztof"]
[Black "Kozlowski, Michal"]
[Result "1/2-1/2"]
[WhiteTitle "FM"]
[BlackTitle "I+"]
[WhiteElo "2164"]
[BlackElo "1826"]

1. Nf3 Nf6 2. g3 g6 3. Bg2 Bg7 4. c4 c5 5. Nc3 Nc6 6. O-O O-O 7. d3 d6 8. Rb1 Rb8
9. a3 a6 10. b4 cxb4 11. axb4 b5 12. cxb5 axb5 13. Bd2 Bd7 14. Qb3 Be6 15. Qc2
Qd7 16. Ng5 Nd4 17. Qb2 Bd5 18. e4 Ba8 19. Be3 Nc6 20. Qd2 e6 21. h3 Rfd8 22.
Rfe1 Rdc8 23. Rec1 Bf8 24. d4 d5 25. exd5 exd5 26. Bf4 Bd6 27. Ne2 Ne7 28. Be5
Ne4 29. Rxc8+ Rxc8 30. Nxe4 dxe4 31. Bxd6 Qxd6 32. Nc3 e3 33. Qxe3 Bxg2 34. Kxg2
Nf5 35. Qf3 Nxd4 36. Ne4 Qc6 37. Nf6+ Kg7 38. Qxc6 Rxc6 39. Nd5 Rc4 40. Ne3 Rc3
1/2-1/2

[Event "Indywidualne Mistrzostwa Polski Juniorow do lat 16 - Chlopcy"]
[Site "Szklarska Poreba"]
[Date "1899-12-30"]
[Round "1.8"]
[White "Kopec, Norbert"]
[Black "Sanz Wawer, Daniel"]
[Result "1/2-1/2"]
[WhiteTitle "I"]
[BlackTitle "k"]
[WhiteElo "1826"]
[BlackElo "2146"]

1. e4 c6 2. d4 d5 3. Nc3 dxe4 4. Nxe4 Bf5 5. Ng3 Bg6 6. Nf3 e6 7. h4 h6 8. h5 Bh7
9. Bd3 Bxd3 10. Qxd3 Nf6 11. Bd2 Qb6 12. O-O-O Qa6 13. Qxa6 Nxa6 14. Ne5 Nc7 15.
c4 Bd6 16. Rhe1 Rd8 17. Kc2 O-O 18. Ne4 Nxe4 19. Rxe4 Ne8 20. Be3 Bc7 21. Rg4
Kh7 22. b3 Nd6 23. Bc1 Nf5 24. Ba3 Bd6 25. Bb2 Kg8 26. Re4 Bb4 27. g4 Ne7 28.
Nd3 Bd6 29. Bc3 Rfe8 30. Nc5 Rb8 31. f3 1/2-1/2

[Event "Indywidualne Mistrzostwa Polski Juniorow do lat 16 - Chlopcy"]
[Site "Szklarska Poreba"]
[Date "1899-12-30"]
[Round "1.9"]
[White "Redzisz, Michal"]
[Black "Paprocki, Stanislaw"]
[Result "1-0"]
[WhiteTitle "k"]
[BlackTitle "I"]
[WhiteElo "2117"]
[BlackElo "1824"]

1. e4 c5 2. Nf3 a6 3. c4 Nc6 4. d4 cxd4 5. Nxd4 d6 6. Nc3 g6 7. Be3 Bg7 8. Be2
Nf6 9. O-O O-O 10. f3 Bd7 11. Qd2 Rc8 12. Rac1 Nxd4 13. Bxd4 Bc6 14. b4 b6 15.
Rfd1 Nd7 16. Be3 Bb7 17. Nd5 a5 18. Bg5 Bxd5 19. cxd5 Bf6 20. Bxf6 Rxc1 21. Rxc1
Nxf6 22. Bb5 Qb8 23. bxa5 Qa7 24. Rc6 bxa5+ 25. Qf2 Qb7 26. Qb6 Qxb6+ 27. Rxb6
Ra8 28. Rb7 Kf8 29. a4 g5 30. g4 Ng8 31. Kf2 Kg7 32. Bc6 Ra6 33. Bb5 Ra8 34. Bc6
Ra6 35. Ke3 Kf6 36. Rb8 Nh6 37. Kd4 e6 38. Kc4 Ke5 39. Kb5 Ra7 40. Re8 1-0

[Event "Indywidualne Mistrzostwa Polski Juniorow do lat 16 - Chlopcy"]
[Site "Szklarska Poreba"]
[Date "1899-12-30"]
[Round "1.10"]
[White "Derylo, Kamil"]
[Black "Dixa, Oskar"]
[Result "1/2-1/2"]
[WhiteTitle "I"]
[BlackTitle "k"]
[WhiteElo "1783"]
[BlackElo "2101"]

1. d4 Nf6 2. c4 e6 3. g3 d5 4. Nf3 Be7 5. Bg2 O-O 6. O-O c6 7. Nbd2 Nbd7 8. Qc2
b6 9. e4 dxe4 10. Nxe4 Bb7 11. Rd1 Qc8 12. b3 c5 13. Nxf6+ Bxf6 14. Bb2 cxd4 15.
Bxd4 e5 16. Bc3 Bc6 17. Nd2 Nc5 18. Ne4 Nxe4 19. Bxe4 h6 20. Rd6 Bxe4 21. Qxe4
Qc7 22. Rad1 Rfe8 23. Rd7 Qc5 24. R1d5 Qa3 25. Qc2 a6 26. Kg2 b5 27. c5 Rac8 28.
Bd2 Rc6 29. b4 e4 30. R5d6 Qf3+ 31. Kg1 Re6 32. Rxc6 Rxc6 33. Be3 h5 34. h4 Bxh4
35. Rd6 Rxd6 36. cxd6 Bd8 37. d7 Kh7 38. Qc8 Qf6 39. Bf4 Qb6 40. Be3 Qf6 41. Bf4
1/2-1/2

[Event "Indywidualne Mistrzostwa Polski Juniorow do lat 16 - Chlopcy"]
[Site "Szklarska Poreba"]
[Date "1899-12-30"]
[Round "1.11"]
[White "Niedbala, Bartlomiej"]
[Black "Chaczynski, Kamil"]
[Result "1-0"]
[WhiteTitle "I++"]
[BlackTitle "I"]
[WhiteElo "2087"]
[BlackElo "1773"]

1. e4 e6 2. d4 d5 3. Nd2 Nf6 4. e5 Nfd7 5. f4 c5 6. c3 Nc6 7. Ndf3 Be7 8. Bd3 a6
9. Ne2 b5 10. O-O Nb6 11. Be3 cxd4 12. Nexd4 Nxd4 13. Bxd4 Bd7 14. Qe2 Rc8 15.
Qf2 Na4 16. Rae1 Nc5 17. Bb1 a5 18. Nd2 g6 19. Re3 b4 20. Kh1 Na4 21. cxb4 Bxb4
22. f5 gxf5 23. Bxf5 Qe7 24. Nf3 Bb5 25. Bd3 Bxd3 26. Rxd3 Nc5 27. Bxc5 Bxc5 28.
Qd2 Bb4 29. Qh6 Rc2 30. Ng5 Bd2 31. Qg7 Qf8 32. Nxe6 fxe6 33. Rxf8+ Rxf8 34. h4
Rf1+ 35. Kh2 Bf4+ 36. Rg3 Bxg3+ 37. Kxg3 Rff2 38. Qg8+ Kd7 39. Qxh7+ Kc6 40. Qe7
Rxg2+ 41. Kh3 Rxb2 42. Qxe6+ Kc5 43. Qd6+ Kd4 44. e6 Rbe2 45. Qf4+ Kc5 46. Qc7+
Kd4 47. Qa7+ Ke4 48. Qf7 Rh2+ 49. Kg4 Rhg2+ 50. Kh5 Kd4 51. Qa7+ Kd3 52. Qa6+
Kd4 53. Qb6+ Kc4 54. Qc7+ Kd4 55. e7 Re6 56. Qf4+ Kc5 57. Qf8 Re5+ 58. Kh6 Re6+
59. Kh7 Rg4 60. e8=Q+ 1-0

[Event "Indywidualne Mistrzostwa Polski Juniorow do lat 16 - Chlopcy"]
[Site "Szklarska Poreba"]
[Date "1899-12-30"]
[Round "1.12"]
[White "Cisek, Kamil"]
[Black "Fiedorek, Michal"]
[Result "0-1"]
[WhiteTitle "I"]
[BlackTitle "k"]
[WhiteElo "1766"]
[BlackElo "2049"]

1. d4 Nf6 2. c4 g6 3. Nf3 Bg7 4. g3 O-O 5. Bg2 d6 6. Nc3 Nbd7 7. O-O e5 8. b3 Re8
9. e3 h6 10. Bb2 exd4 11. exd4 d5 12. Re1 Rxe1+ 13. Qxe1 dxc4 14. bxc4 Nb6 15.
Qf1 c6 16. Rc1 Be6 17. Nd1 Qe7 18. Ne3 Rd8 19. Qe1 h5 20. Bf1 Ng4 21. Nxg4 hxg4
22. Ne5 Bf5 23. f4 gxf3 24. Nxf3 Qe4 25. Qf2 Bg4 26. Nd2 Qf5 27. Nb3 Qxf2+ 28.
Kxf2 Bf5 29. Rd1 Bf6 0-1

[Event "Indywidualne Mistrzostwa Polski Juniorow do lat 16 - Chlopcy"]
[Site "Szklarska Poreba"]
[Date "1899-12-30"]
[Round "1.13"]
[White "Warchol, Bartosz"]
[Black "Kania, Dominik"]
[Result "0-1"]
[WhiteTitle "I++"]
[BlackTitle "I"]
[WhiteElo "2033"]
[BlackElo "1759"]

1. d4 d5 2. c4 Bf5 3. Nc3 e6 4. Nf3 Nf6 5. Bf4 c6 6. e3 Nbd7 7. Be2 h6 8. h3 Be7
9. O-O O-O 10. Rc1 Ne4 11. a3 Bh7 12. b4 f5 13. Ne5 g5 14. Bh2 Nxe5 15. Bxe5 Bd6
16. f4 Bxe5 17. dxe5 a5 18. b5 Qb6 19. Nxe4 fxe4 20. c5 Qc7 21. Qe1 gxf4 22. exf4
d4 23. Bc4 Qe7 24. Qd1 d3 25. Qg4+ Kh8 26. Qxe6 Qxe6 27. Bxe6 e3 28. bxc6 bxc6
29. Ra1 d2 30. Bc4 Rad8 31. e6 Bd3 32. Bxd3 Rxd3 33. Rf3 e2 34. Kf2 d1=Q 0-1

[Event "Indywidualne Mistrzostwa Polski Juniorow do lat 16 - Chlopcy"]
[Site "Szklarska Poreba"]
[Date "1899-12-30"]
[Round "1.14"]
[White "Lichorad, Mateusz"]
[Black "Strzelecki, Maciej"]
[Result "1/2-1/2"]
[WhiteTitle "I"]
[BlackTitle "k"]
[WhiteElo "1752"]
[BlackElo "2032"]

1. e4 c5 2. Nf3 d6 3. d4 cxd4 4. Nxd4 Nf6 5. Nc3 a6 6. Bg5 e6 7. f4 Be7 8. Qf3
h6 9. Bh4 Qc7 10. O-O-O Nbd7 11. Be2 Rb8 12. Qe3 b5 13. Bf3 b4 14. Nce2 Bb7 15.
Kb1 Nb6 16. Bxf6 Bxf6 17. h4 Nc4 18. Qd3 Be7 19. g4 a5 20. Qb3 Nb6 21. g5 d5 22.
g6 Qc4 23. Bh5 Qxb3 24. gxf7+ Kd7 25. axb3 dxe4 26. Bg4 Bf6 27. Bxe6+ Ke7 28.
f5 Rhd8 29. Nf4 Rxd4 30. Ng6+ Kd6 31. f8=Q+ Rxf8 32. Nxf8 Nd5 33. Rxd4 Bxd4 34.
Rd1 e3 35. Ng6 e2 36. Re1 Ba6 37. Bxd5 Bf2 38. Rxe2 Bxe2 39. Be4 Ke5 1/2-1/2

[Event "Indywidualne Mistrzostwa Polski Juniorow do lat 16 - Chlopcy"]
[Site "Szklarska Poreba"]
[Date "1899-12-30"]
[Round "1.15"]
[White "Oborski, Artur"]
[Black "Bojczewski, Mateusz"]
[Result "1/2-1/2"]
[WhiteTitle "I++"]
[BlackTitle "I+"]
[WhiteElo "2023"]
[BlackElo "1751"]

1. d4 Nf6 2. c4 e6 3. Nf3 c6 4. Nc3 d5 5. Bg5 Be7 6. e3 Nbd7 7. Bd3 dxc4 8. Bxc4
O-O 9. O-O h6 10. Bh4 Nd5 11. Bxe7 Qxe7 12. Ne4 b6 13. Rc1 Bb7 14. Bd3 Rfc8 15.
a3 c5 16. Qe2 cxd4 17. Nxd4 Nc5 18. Nxc5 Rxc5 19. b4 Rc7 20. Rxc7 Qxc7 21. Qd2
Qc3 22. Qxc3 Nxc3 23. Rc1 Rc8 24. Kf1 Kf8 25. Nb5 Nxb5 26. Rxc8+ Bxc8 27. Bxb5
Bb7 28. f3 Ke7 29. Ke2 Kd6 30. Kd3 e5 31. e4 1/2-1/2

[Event "Indywidualne Mistrzostwa Polski Juniorow do lat 16 - Chlopcy"]
[Site "Szklarska Poreba"]
[Date "1899-12-30"]
[Round "1.16"]
[White "Distel, Pawel"]
[Black "Piekielny, Pawel"]
[Result "1-0"]
[WhiteTitle "I"]
[BlackTitle "I++"]
[WhiteElo "1751"]
[BlackElo "2017"]

1. e4 e6 2. d4 d5 3. Nc3 Nf6 4. Bg5 dxe4 5. Nxe4 Be7 6. Nxf6+ Bxf6 7. Bxf6 Qxf6
8. c3 O-O 9. Nf3 b6 10. Be2 Bb7 11. Qc2 Nd7 12. O-O Rfd8 13. Rad1 c5 14. Rd2 cxd4
15. Nxd4 e5 16. Nb3 Qg5 17. f3 Nf6 18. Rxd8+ Rxd8 19. Rd1 Re8 20. Bb5 Rf8 21.
Qd2 Qg6 22. Qe2 e4 23. fxe4 Bxe4 24. Bd3 Bxd3 25. Qxd3 Qg5 26. Nd4 Re8 27. Nf3
Qf4 28. Re1 Rxe1+ 29. Nxe1 h5 30. h3 Qc1 31. Qe2 h4 32. Kf2 Qf4+ 33. Kg1 g6 34.
Nd3 Qc4 35. Qf3 Kg7 36. a3 Ne4 37. Qe3 Ng3 38. Kf2 Qb3 39. Qd4+ f6 40. Qxh4 Qc2+
1-0

[Event "Indywidualne Mistrzostwa Polski Juniorow do lat 16 - Chlopcy"]
[Site "Szklarska Poreba"]
[Date "1899-12-30"]
[Round "1.17"]
[White "Bachor, Tomasz"]
[Black "Pelka, Michal"]
[Result "1-0"]
[WhiteTitle "I+"]
[BlackTitle "I"]
[WhiteElo "2010"]
[BlackElo "1745"]

1. d4 Nf6 2. c4 g6 3. Nc3 d5 4. cxd5 Nxd5 5. e4 Nxc3 6. bxc3 Bg7 7. Bc4 c5 8. Ne2
O-O 9. O-O Nc6 10. Be3 Qc7 11. Rc1 Rd8 12. h3 Na5 13. Bd3 e5 14. d5 c4 15. Bc2
b6 16. f4 f6 17. fxe5 fxe5 18. Ng3 Nb7 19. Bg5 Re8 20. Qd2 Nd6 21. Rf2 Bb7 22.
Nf1 Nf7 23. Be3 Nd6 24. Nh2 Rf8 25. Rcf1 Rxf2 26. Rxf2 Rf8 27. Ng4 h5 28. Nh2
Rxf2 29. Qxf2 Nb5 30. Qe1 Nd6 31. Nf3 Bc8 32. Qg3 Ne8 33. Qxg6 Qf7 34. Qxf7+ Kxf7
35. Kf2 Nd6 36. a4 Bd7 37. Nd2 Bf6 38. Kf3 Bd8 39. g4 h4 40. Ke2 Kg6 41. Nf3 Nf7
42. Bf2 a6 43. Nxh4+ Kg5 44. Nf3+ Kf4 45. Be3+ Kg3 46. g5 Nh8 47. Nxe5 Bxh3 48.
Nxc4 b5 49. axb5 axb5 50. Nd6 Ng6 51. Nf7 Ba5 52. e5 1-0

[Event "Indywidualne Mistrzostwa Polski Juniorow do lat 16 - Chlopcy"]
[Site "Szklarska Poreba"]
[Date "1899-12-30"]
[Round "1.18"]
[White "Bartoszewski-reiski, Olaf"]
[Black "Golecki, Jan"]
[Result "0-1"]
[WhiteTitle "I+"]
[BlackTitle "I++"]
[WhiteElo "1707"]
[BlackElo "1995"]

1. e4 c5 2. Nf3 d6 3. d4 cxd4 4. Nxd4 Nf6 5. Nc3 g6 6. Be3 Bg7 7. f3 O-O 8. Bc4
Nc6 9. Qd2 Bd7 10. O-O-O Ne5 11. Bb3 Rc8 12. Kb1 Nc4 13. Bxc4 Rxc4 14. g4 Qa5
15. g5 Nh5 16. Nd5 Qd8 17. Ne2 f5 18. Ndf4 Nxf4 19. Nxf4 Qc8 20. Nd5 Rf7 21. Bxa7
Qc6 22. c3 fxe4 23. Nb6 Bf5 24. Ka1 e3 25. Qd5 Rxc3 26. Qxc6 bxc6 27. Rc1 Rxc1+
28. Rxc1 e5 29. Bb8 Rb7 30. Bxd6 Rxb6 31. Bc5 Rb7 32. Ba3 e2 33. Re1 Rd7 0-1

[Event "Indywidualne Mistrzostwa Polski Juniorow do lat 16 - Chlopcy"]
[Site "Szklarska Poreba"]
[Date "1899-12-30"]
[Round "1.19"]
[White "Gorkiewicz, Mateusz"]
[Black "Jedrusik, Adam"]
[Result "1-0"]
[WhiteTitle "I"]
[BlackTitle "I"]
[WhiteElo "1990"]
[BlackElo "1693"]

1. e4 c6 2. d4 d5 3. e5 Bf5 4. Nf3 e6 5. a3 Nd7 6. Be2 Ne7 7. O-O Qc7 8. b4 Nb6
9. Nbd2 Na4 10. Nb3 Nc8 11. c4 Nc3 12. Qe1 Nxe2+ 13. Qxe2 dxc4 14. Qxc4 Nb6 15.
Qe2 Nd5 16. Nh4 Bg6 17. Nxg6 hxg6 18. Bg5 Be7 19. Bxe7 Qxe7 20. Qg4 Rh4 21. Qf3
O-O-O 22. Rfc1 Rdh8 23. h3 Qg5 24. Kf1 Rf4 25. Qd3 Qh4 26. Ra2 Rh5 27. b5 Rhf5
28. Rcc2 Kd8 29. bxc6 bxc6 30. Na5 Ke8 31. Qb3 f6 32. exf6 Rxf6 33. Nxc6 Kf7 34.
Qb8 Ne3+ 35. Kg1 R6f5 36. Ne5+ Rxe5 37. Rc7+ Kf6 38. dxe5+ Kf5 39. Rf7+ Ke4 40.
Rxf4+ Qxf4 41. Qb4+ 1-0

[Event "Indywidualne Mistrzostwa Polski Juniorow do lat 16 - Chlopcy"]
[Site "Szklarska Poreba"]
[Date "1899-12-30"]
[Round "1.20"]
[White "Majdanski, Maksymilian"]
[Black "Musial, Tomasz"]
[Result "1-0"]
[WhiteTitle "I"]
[BlackTitle "k"]
[WhiteElo "1686"]
[BlackElo "1983"]

1. d4 Nf6 2. c4 e6 3. Nc3 Bb4 4. e3 O-O 5. Bd3 c5 6. Nf3 d5 7. a3 Bxc3+ 8. bxc3
b6 9. O-O Bb7 10. Bb2 Nbd7 11. Qe2 Rc8 12. Rac1 Qe7 13. cxd5 exd5 14. Bf5 g6 15.
Bh3 Rce8 16. Rfd1 c4 17. a4 Ne4 18. Bxd7 Qxd7 19. Ba3 Qxa4 20. Bxf8 Kxf8 21. Nd2
a5 22. Nxe4 Rxe4 23. Rb1 Re6 24. Rd2 Qd7 25. Rdb2 Qc7 26. Rb5 Ke7 27. Qb2 Kd7
28. Rxb6 Rxb6 29. Qxb6 Qxb6 30. Rxb6 Kc7 31. Rb1 Bc6 32. f3 f5 33. Kf2 h6 34.
Kg3 g5 35. h4 Kd6 36. hxg5 hxg5 37. f4 g4 38. Kh4 Bd7 39. Kg5 Ke7 40. Kg6 a4 41.
Rb6 Bc8 42. Rc6 Be6 43. Ra6 Bd7 44. g3 Kd8 45. Kf6 Kc7 46. Ra7+ Kd6 47. Rb7 Kc6
48. Rb1 1-0

[Event "Indywidualne Mistrzostwa Polski Juniorow do lat 16 - Chlopcy"]
[Site "Szklarska Poreba"]
[Date "1899-12-30"]
[Round "1.21"]
[White "Skurniak, Szymon"]
[Black "Zabron, Maksym"]
[Result "0-1"]
[WhiteTitle "I"]
[BlackTitle "I"]
[WhiteElo "1970"]
[BlackElo "1678"]

1. e4 c5 2. Nf3 d6 3. d4 cxd4 4. Nxd4 Nf6 5. Nc3 g6 6. Be3 Bg7 7. f3 Nc6 8. Qd2
O-O 9. g4 Be6 10. Nxe6 fxe6 11. O-O-O Ne5 12. g5 Nxf3 13. Qg2 Ne8 14. Be2 Ne5
15. h4 Rc8 16. h5 Rxc3 17. bxc3 Qa5 18. Bd4 Nf7 19. hxg6 hxg6 20. e5 Nxe5 21.
Qh3 Rf5 22. Qh7+ Kf7 23. Rh6 Rxg5 24. Rh2 Qxa2 25. Rf2+ Nf6 26. Be3 Rf5 27. Bh6
Nxh7 0-1

[Event "Indywidualne Mistrzostwa Polski Juniorow do lat 16 - Chlopcy"]
[Site "Szklarska Poreba"]
[Date "1899-12-30"]
[Round "1.22"]
[White "Bujalski, Mateusz"]
[Black "Ossolinski, Ziemowit"]
[Result "0-1"]
[WhiteTitle "I"]
[BlackTitle "I+"]
[WhiteElo "1658"]
[BlackElo "1946"]

1. e4 c5 2. Nf3 e6 3. d4 cxd4 4. Nxd4 a6 5. Nc3 Qc7 6. a3 Nf6 7. Be3 b5 8. Bd3
Bb7 9. f3 Be7 10. Qd2 O-O 11. O-O d6 12. Rad1 Nc6 13. Nce2 Ne5 14. g4 Nc4 15.
Bxc4 bxc4 16. Ng3 d5 17. e5 Nd7 18. f4 Bc5 19. c3 Rae8 20. g5 Bb6 21. h4 Nc5 22.
h5 Kh8 23. Qh2 Nd3 24. h6 g6 25. Rd2 Rb8 26. Nge2 Bc8 27. Nc1 Nc5 28. Re1 Qb7
29. Ree2 Bd7 30. Rg2 Ba4 31. Rge2 Ne4 32. Rg2 Rfe8 33. Rde2 Bc5 34. Na2 Qb6 35.
Nb4 a5 36. Na2 Re7 37. Nc1 Reb7 38. Kf1 Bd1 39. Re1 Bh5 40. f5 Bxd4 41. Bxd4 Qd8
42. f6 Bf3 43. Rc2 Nxg5 44. Rf2 Bh5 45. Qg2 Ne4 46. Rc2 Qe8 47. Na2 Qa4 48. Rb1
Bf3 49. Qh2 Ng3+ 50. Ke1 Be4 51. Rbc1 Bxc2 52. Rxc2 Nf5 53. Qd2 Nxd4 54. cxd4
Qb3 55. Nc3 Kg8 56. Kd1 Kf8 57. Kc1 Ke8 58. Qf4 Qb6 59. Na4 Qc6 60. Nc5 Rb5 61.
Rg2 Rxc5 62. Rxg6 hxg6 63. h7 Kd7 64. dxc5 Qxc5 0-1

[Event "Indywidualne Mistrzostwa Polski Juniorow do lat 16 - Chlopcy"]
[Site "Szklarska Poreba"]
[Date "1899-12-30"]
[Round "1.23"]
[White "Panek, Bartosz"]
[Black "Gardian, Adam"]
[Result "1-0"]
[WhiteTitle "I"]
[BlackTitle "I"]
[WhiteElo "1946"]
[BlackElo "1612"]

1. Nf3 f5 2. b3 Nf6 3. Bb2 e6 4. g3 Be7 5. Bg2 O-O 6. O-O Qe8 7. c4 Qh5 8. Na3
a6 9. Nc2 d6 10. d4 Nbd7 11. Nce1 Ne4 12. Nd3 g5 13. Nd2 Rf6 14. e3 Qg6 15. f4
Rf7 16. fxg5 Bxg5 17. Nf4 Bxf4 18. Rxf4 d5 19. Nxe4 dxe4 20. Bxe4 Nf6 21. Bf3
h5 22. d5 Ng4 23. Bxg4 hxg4 24. Qd4 Qh5 25. Raf1 Rh7 26. R1f2 Bd7 27. e4 Re8 28.
e5 Qh3 29. Qd2 Rh5 30. Rd4 Rh8 31. dxe6 Bxe6 32. Qg5+ Kh7 33. Rxf5 Rhf8 34. Rxg4
Qxg4 35. Qxg4 Rxf5 36. Qh4+ Kg8 37. g4 Rf7 38. h3 Ref8 39. Ba3 Rf1+ 40. Kg2 R8f7
41. Bc5 Bd7 42. Qg5+ Kh8 43. Qh6+ Kg8 44. Qg6+ Kh8 45. e6 Bc6+ 46. Kg3 R1f3+ 47.
Kh2 R7f4 48. e7 Re4 49. e8=Q+ 1-0

[Event "Indywidualne Mistrzostwa Polski Juniorow do lat 16 - Chlopcy"]
[Site "Szklarska Poreba"]
[Date "1899-12-30"]
[Round "1.24"]
[White "Dalkowski, Rafal"]
[Black "Kucharski, Bartlomiej"]
[Result "1-0"]
[WhiteTitle "II"]
[BlackTitle "I+"]
[WhiteElo "1607"]
[BlackElo "1945"]

1. d4 Nf6 2. c4 e6 3. Nf3 b6 4. g3 Bb7 5. Bg2 Be7 6. O-O O-O 7. Nc3 d5 8. cxd5
exd5 9. Bf4 Nbd7 10. Nh4 Nh5 11. Nf5 Nxf4 12. Nxe7+ Qxe7 13. gxf4 Nf6 14. Rb1
Rad8 15. b4 a6 16. e3 Rd6 17. h3 Re8 18. Kh2 Ne4 19. Nxe4 dxe4 20. Qe2 Rh6 21.
Rg1 Bc8 22. Bf1 Rd8 23. Rg3 Rc6 24. Qb2 b5 25. a3 Qe6 26. d5 1-0

[Event "Indywidualne Mistrzostwa Polski Juniorow do lat 16 - Chlopcy"]
[Site "Szklarska Poreba"]
[Date "1899-12-30"]
[Round "2.1"]
[White "Golecki, Jan"]
[Black "Teclaf, Pawel"]
[Result "0-1"]
[WhiteTitle "I++"]
[BlackTitle "CM"]
[WhiteElo "1995"]
[BlackElo "2460"]

1. e4 c5 2. Nf3 d6 3. Bb5+ Nd7 4. Ba4 Ngf6 5. O-O a6 6. c4 g6 7. d3 Bg7 8. Nc3
O-O 9. h3 Ne8 10. Qe2 Nc7 11. Rb1 b5 12. Bc2 bxc4 13. dxc4 Ne6 14. Rd1 Rb8 15.
Nd5 Ne5 16. Nxe5 Bxe5 17. Be3 Nd4 18. Qd2 e6 19. Nc3 Qa5 20. f4 Bg7 21. a3 Bb7
22. Kh2 Bc6 23. Bxd4 cxd4 24. Ne2 Qxd2 25. Rxd2 e5 26. g4 Rfc8 27. b4 exf4 28.
Nxd4 Ba8 29. Bb3 Bxe4 30. Re1 Ba8 31. Re7 Re8 32. Rxe8+ Rxe8 33. b5 Re3 34. c5
dxc5 35. Ne2 Rxb3 36. Rd8+ Bf8 37. Rxa8 axb5 38. Nxf4 c4 39. Nd5 Kg7 40. a4 Bd6+
41. Kg2 bxa4 42. Rxa4 Rd3 43. Nb6 c3 44. Rc4 Rg3+ 45. Kf2 Rxh3 46. Nd5 c2 47.
Ne3 c1=Q 0-1